000 00836nam a2200253 i 4500
001 47728
003 ES-MaACL
005 20230906161624.0
007 t|
008 000721s1999 sp ||||0| spa j
020 _a84-89512-57-4
040 _aM-BN
_bspa
_cM-BN
080 _a929 Bonsor, Jorge Eduardo
100 1 _aBonsor, Jorge Eduardo.
_930303
245 1 0 _aEpistolario de Jorge Bonsor (1886-1930) /
_c[editado] por Jorge Maier.
260 _aMadrid :
_bReal Academia de la Historia,
_c1999.
300 _a206 p. ;
_c30 cm.
490 1 _aEstudios del Gabinete de Antigüedades ;
_v6
600 1 4 _aBonsor, Jorge Eduardo-
_vCorrespondencia.
_930304
700 1 _aMaier, Jorge.
_975560
830 0 _aEstudios del Gabinete de Antigüedades ;
_v6
_9230041
852 _aES-MaACL
_jL-26319
_bR.132165
999 _c47728
_d47728